01378nam a2200409 a 450000100060000000300080000600500170001400600190003100700150005000800410006502000180010603500230012403500240014703500250017103500220019604000260021805000210024408000120026508200140027724501270029126000570041830000110047544000180048653301640050465000380066865000160070665000210072265000100074365000200075365300130077365300180078665500270080470000390083171000190087085600620088999900170095153673FlNmELB20241216232508.0m o d | cr cn|||||||||201003r1999 mx |||||s|||||||||||spa d z9789701830284 a(MiAaPQ)EBC3187548 a(Au-PeEL)EBL3187548 a(CaPaEBR)ebr10365926 a(OCoLC)1010619275 aFlNmELBbspacFlNmELB 4aTX353bT319 1999 a641:54304a641.322200aTermodinámica y cinética de sistemas alimento entornoh[recurso electronico] /cNuria Martínez Navarrete ...[et al]. aMéxico :bInstituto Politécnico Nacional,c1999. a374 p. 0aLibro docente aRecurso electrónico. Santa Fe, Arg.: e-libro, 2015. Disponible vía World Wide Web. El acceso puede estar limitado para las bibliotecas afiliadas a e-libro. 4aAlimentosxProcesos industriales. 4aCinética. 4aTermodinámica. 4aFood. 4aThermodynamics. aCinetica aTermodinamica 4aLibros electrónicos.1 aMartínez Navarrete, Nuria,eaut.2 ae-libro, Corp.40uhttps://elibro.net/ereader/politecnicointernacional/73979 c53673d53673